| 000 | 00768nam a2200265Ia 4500 | ||
|---|---|---|---|
| 003 | OSt | ||
| 005 | 20220918215916.0 | ||
| 006 | a|||||r|||| 00| 0 | ||
| 007 | ta | ||
| 008 | 220917b |||||||| |||| 00| 0 eng d | ||
| 024 | _a143,320 | ||
| 037 | _cTextual | ||
| 040 |
_aARTS _cARTS _beng |
||
| 041 |
_2eng _aeng |
||
| 082 | _aY15-31:1.6, L8 | ||
| 100 |
_aDougherty Molly Crocker _9135804 |
||
| 245 | 0 | _aBecoming a women in rural black culture | |
| 260 |
_aNew York _bHolt Rinehart and Winston _c1978 |
||
| 300 |
_ax, 111p. illus _ccm. |
||
| 490 | _aCase studies in cultural anthropology | ||
| 500 | _aBibliography p109-111 | ||
| 650 | _aSOCIOLOGY | ||
| 942 |
_hY15-31:1.6, L8 _cTEXL _2CC |
||
| 999 |
_c266273 _d266273 |
||